|
|
|
|
| LEADER |
01058nam a2200265 a 4500 |
| 001 |
1004760 |
| 008 |
091229s1988 nyu b 001 0 eng d |
| 010 |
|
|
|a 87012285
|
| 020 |
|
|
|a 0023033509 (pbk.)
|
| 040 |
|
|
|a DLC
|c DLC
|d DLC
|d BD-DhAAL
|
| 082 |
0 |
0 |
|a 305.4/2/0973
|2 19
|
| 100 |
1 |
|
|a Andersen, Margaret L.
|
| 245 |
1 |
0 |
|a Thinking about women :
|b sociological perspectives on sex and gender /
|c Margaret L. Andersen.
|
| 250 |
|
|
|a 2nd ed.
|
| 260 |
|
|
|a New York :
|b Macmillan ;
|a London :
|b Collier Macmillan,
|c c1988.
|
| 300 |
|
|
|a xxi, 410 p. ;
|c 24 cm.
|
| 504 |
|
|
|a Includes bibliography: [p. 362-398] and index.
|
| 541 |
1 |
|
|e 00004314
|
| 650 |
|
0 |
|a Women
|z United States
|x Social conditions.
|
| 650 |
|
0 |
|a Feminism
|z United States.
|
| 650 |
|
0 |
|a Social institutions
|z United States.
|
| 650 |
|
0 |
|a Social change.
|
| 852 |
4 |
|
|a Ayesha Abed Library
|j General Shelf.
|
| 999 |
|
|
|c 6495
|d 6495
|
| 952 |
|
|
|0 0
|1 0
|2 ddc
|4 0
|6 305_420973000000000_AND_1988
|7 0
|9 6590
|a BRACUL
|b BRACUL
|c GEN
|d 2009-12-30
|g 2016.00
|l 1
|m 3
|o 305.420973 AND
|p 3010004314
|r 2024-02-25
|s 2024-02-06
|t 1
|w 2009-12-30
|y BK
|